000
00230 a2200097 4500
001
3033
100
_a
Mumtunayagoim, N.B.
245
_a
Cortography & site analysis with M/Computer
260
_a
_b
Van Nost
_c
090
_c
2318
_d
2318
942
_a
NUST-CAE
_c
M
_c
14647
999
_c
238106
_d
238106